The doctrine of philosophical necessity illustrated (Record no. 162569)

MARC details
000 -LEADER
campo de control de longitud fija 01089nam a22002415i 4500
001 - NÚMERO DE CONTROL
campo de control 162569
003 - IDENTIFICADOR DE NÚMERO DE CONTROL
campo de control ES-MaACL
005 - FECHA Y HORA DE LA ÚLTIMA TRANSACCIÓN
campo de control 20250804062754.0
008 - DATOS DE LONGITUD FIJA--INFORMACIÓN GENERAL
campo de control de longitud fija 041117s1777 xxk |||| | eng d
040 ## - FUENTE DE CATALOGACIÓN
Centro catalogador/agencia de origen CAM
Lengua de catalogación spa
Centro/agencia transcriptor CAM
100 1# - ENTRADA PRINCIPAL--NOMBRE DE PERSONA
Nombre de persona Priestley, Joseph.
9 (RLIN) 131369
245 14 - MENCIÓN DEL TÍTULO
Título The doctrine of philosophical necessity illustrated
Resto del título : being an appendix to the disquisitions relating to Matter and Spirit : to wich is added An Answer to the letters on materialism and on Hartley's theory of the Mind /
Mención de responsabilidad, etc. by Joseph Priestley.
260 ## - PUBLICACIÓN, DISTRIBUCIÓN, ETC.
Lugar de publicación, distribución, etc. London :
Nombre del editor, distribuidor, etc. [s.n.],
Fecha de publicación, distribución, etc. 1777 (
Fabricante printed for J. Johnson
Fecha de publicación, distribución, etc. 1777.
300 ## - DESCRIPCIÓN FÍSICA
Extensión XXXIV, [2], 206, [2] p. ;
Dimensiones 8º.
597 ## - NOTA DE DESCRIPCIÓN FÍSICA
NOTA DE DESCRIPCIÓN FÍSICA Sign.: a-b8, c2, A-O8.
597 ## - NOTA DE DESCRIPCIÓN FÍSICA
NOTA DE DESCRIPCIÓN FÍSICA Antep.
597 ## - NOTA DE DESCRIPCIÓN FÍSICA
NOTA DE DESCRIPCIÓN FÍSICA La segunda obra con portadilla propia, comienza en la p. [167]
650 07 - PUNTO DE ACCESO ADICIONAL DE MATERIA--TÉRMINO DE MATERIA
Término de materia o nombre geográfico como elemento de entrada Materialismo
Fuente del encabezamiento o término embne
9 (RLIN) 14847
650 07 - PUNTO DE ACCESO ADICIONAL DE MATERIA--TÉRMINO DE MATERIA
Término de materia o nombre geográfico como elemento de entrada Filosofía
Fuente del encabezamiento o término embne
9 (RLIN) 12802
700 11 - ENTRADA AGREGADA--NOMBRE PERSONAL
Nombre de persona Hartley, David.
Título de la obra Answer to the letters on materialism and on Hartley's theory of the Mind.
9 (RLIN) 127800
852 ## - LOCALIZACIÓN
Ubicación ES-MaACL
Número de control de estantería R-1153
Nota libre -- Enc. piel
Encuadernación Olim: G-10896
Holdings
Estatus retirado Estado de pérdida Estado de daño No para préstamo Colección Biblioteca de origen Biblioteca actual Ubicación en estantería Fecha de adquisición Fuente de adquisición Total de préstamos Signatura topográfica completa Código de barras Visto por última vez Precio de reemplazo Tipo de ítem Koha
        Libros del s. XVIII Biblioteca del Ateneo de Madrid Biblioteca del Ateneo de Madrid Depósito 17/01/2008     R-1153 1170311 23/02/2023 23/02/2023 Libro impreso antiguo